[Event "zonal 2.3 (w)"]
[Site "La Ceja COL"]
[Date "2011.10.13"]
[Round "5"]
[White "Franco Valencia, Beatriz Irene"]
[Black "Castrillon Gomez, Melissa"]
[Result "1/2-1/2"]
[WhiteElo "2176"]
[BlackElo "2105"]
[EventDate "2011.10.11"]
[Board "1"]
[PlyCount "37"]
[EventRounds "9"]
[EventCountry "COL"]

1.d4 Nf6 2.Nf3 g6 3.c4 Bg7 4.g3 O-O 5.Bg2 d6 6.Nc3 Nc6 7.e4 Bg4 8.Be3 Nd7 
9.h3 Bxf3 10.Bxf3 e5 11.dxe5 Ncxe5 12.Be2 Nb6 13.Qb3 Nc6 14.O-O-O Qe7 15.
h4 Qe6 16.c5 Qxb3 17.axb3 dxc5 18.Bxc5 Rfe8 19.f3 1/2-1/2

[Event "zonal 2.3 (w)"]
[Site "La Ceja COL"]
[Date "2011.10.13"]
[Round "5"]
[White "Salazar Cardona, Aura Cristina"]
[Black "Linares Napoles, Oleiny"]
[Result "1-0"]
[WhiteElo "2210"]
[BlackElo "2349"]
[EventDate "2011.10.11"]
[Board "2"]
[PlyCount "113"]
[EventRounds "9"]
[EventCountry "COL"]

1.e4 d6 2.d4 Nf6 3.Nc3 g6 4.Be3 a6 5.Qd2 b5 6.Bd3 Bb7 7.a4 b4 8.Nce2 Nxe4 
9.Qxb4 Qc8 10.Nh3 Bg7 11.O-O O-O 12.f3 c5 13.Qb3 cxd4 14.fxe4 dxe3 15.Bc4 
Bf6 16.Bxf7+ Rxf7 17.Ng5 d5 18.Nxf7 Kxf7 19.e5 Nd7 20.exf6 Nxf6 21.Nd4 e2 
22.Nxe2 Qc5+ 23.Kh1 Bc6 24.Rae1 Re8 25.Nf4 e5 26.Nd3 Qd6 27.Qb4 Qxb4 28.
Nxb4 Bb7 29.Nd3 e4 30.Nc5 Bc6 31.c3 Kg7 32.Rf4 Nd7 33.Nxa6 Bxa4 34.c4 Ne5 
35.Nc5 Bc6 36.cxd5 Bxd5 37.Rd1 g5 38.Rff1 Ba8 39.Rfe1 Ng4 40.Kg1 Nf6 41.
Rd6 h6 42.Ne6+ Kg6 43.Nc7 Rc8 44.Nxa8 Rxa8 45.Rf1 Rf8 46.b4 e3 47.b5 e2 
48.Rfxf6+ Rxf6 49.Rxf6+ Kxf6 50.Kf2 Ke5 51.g4 Kd5 52.Kxe2 Kc5 53.Ke3 Kxb5 
54.Ke4 Kc5 55.Kf5 Kd6 56.Kg6 h5 57.Kxh5 1-0

[Event "zonal 2.3 (w)"]
[Site "La Ceja COL"]
[Date "2011.10.13"]
[Round "5"]
[White "Marrero Lopez, Yaniet"]
[Black "Orozco Lopez, Lina Yomayra"]
[Result "1-0"]
[WhiteElo "2291"]
[BlackElo "2161"]
[EventDate "2011.10.11"]
[Board "3"]
[PlyCount "75"]
[EventRounds "9"]
[EventCountry "COL"]

1.e4 c5 2.Nf3 d6 3.d4 cxd4 4.Nxd4 a6 5.Nc3 Nf6 6.h3 e5 7.Nf3 h6 8.Bc4 Be7 
9.a4 O-O 10.O-O Be6 11.Qd3 Bxc4 12.Qxc4 Nbd7 13.Be3 Rc8 14.Qb3 b6 15.Rfd1 
Kh7 16.Rd2 Qc7 17.Nh2 Qc4 18.Qxc4 Rxc4 19.f3 Rfc8 20.Ng4 Ne8 21.Nd5 Bg5 
22.Bxg5 hxg5 23.Nge3 Rd4 24.Re2 g6 25.c3 Rxd5 26.Nxd5 Rc5 27.b4 Rc4 28.a5 
b5 29.Rc2 f5 30.Nb6 Rc7 31.Nxd7 Rxd7 32.c4 Nc7 33.cxb5 Nxb5 34.Rc6 Ra7 35.
Rb6 Kg7 36.Rc1 Kf7 37.Rcc6 Ke7 38.Rxa6 1-0

[Event "zonal 2.3 (w)"]
[Site "La Ceja COL"]
[Date "2011.10.13"]
[Round "5"]
[White "Salazar Loor, Sara"]
[Black "Heredia Serrano, Carla"]
[Result "1-0"]
[WhiteElo "1998"]
[BlackElo "2090"]
[EventDate "2011.10.11"]
[Board "4"]
[PlyCount "114"]
[EventRounds "9"]
[EventCountry "COL"]

1.e4 e6 2.d4 d5 3.e5 c5 4.c3 Nc6 5.Nf3 Bd7 6.a3 c4 7.Nbd2 Na5 8.g3 Ne7 9.
Bg2 Nc8 10.O-O Nb6 11.Ne1 Ba4 12.Qe2 Qd7 13.f4 O-O-O 14.Ndf3 Nb3 15.Rb1 
Nxc1 16.Rxc1 g6 17.Bh3 Be7 18.Ng2 h6 19.Ne3 Rdg8 20.Rf2 Qd8 21.Nd2 h5 22.
Rb1 Qf8 23.Rbf1 Qh6 24.Bg2 h4 25.g4 h3 26.Bh1 Nd7 27.Qf3 Qf8 28.Rb1 Bc6 
29.a4 f5 30.g5 Nc5 31.a5 Nd3 32.Re2 Rh4 33.Ndxc4 dxc4 34.Qg3 Rgh8 35.Bxc6 
bxc6 36.Qf3 Nxf4 37.Rc2 Kc7 38.b3 cxb3 39.Rxb3 Nd5 40.Rcb2 Qc8 41.Nxd5+ 
exd5 42.Qd3 Rg4+ 43.Kf1 Rf4+ 44.Ke1 Re4+ 45.Kd1 a6 46.Qb1 Bxg5 47.Rb7+ Kd8
48.Rb8 Ke7 49.R2b7+ Qd7 50.Rxd7+ Kxd7 51.Qb7+ Ke6 52.Rxh8 Be7 53.Re8 f4 
54.Qxe7+ Kf5 55.Qe6+ Kg5 56.Rg8 f3 57.Qf6+ Kg4 1-0

[Event "zonal 2.3 (w)"]
[Site "La Ceja COL"]
[Date "2011.10.13"]
[Round "5"]
[White "Mencos Castillo, Claudia"]
[Black "Romero Echeverria, Abigail"]
[Result "0-1"]
[WhiteElo "2048"]
[BlackElo "2134"]
[EventDate "2011.10.11"]
[Board "5"]
[PlyCount "80"]
[EventRounds "9"]
[EventCountry "COL"]

1.e4 c5 2.Nf3 e6 3.d4 cxd4 4.Nxd4 a6 5.Bd3 g6 6.c4 Bg7 7.Nc2 Nf6 8.O-O d6 
9.Nc3 O-O 10.Be3 Bd7 11.f3 Bc6 12.Nb4 Qc7 13.Rc1 Bd7 14.Nc2 Nc6 15.Na3 Ne5
16.Be2 Bc8 17.Qd2 b6 18.Rfd1 Ne8 19.f4 Nd7 20.b4 Qb8 21.Bf3 Ra7 22.Qf2 Rc7
23.Na4 b5 24.Nb6 Nxb6 25.Bxb6 Rb7 26.c5 e5 27.f5 Nf6 28.Rxd6 gxf5 29.exf5 
e4 30.Bd1 Re8 31.Bc2 e3 32.Qg3 Rd7 33.Ba5 Rxd6 34.cxd6 Qa7 35.Re1 Qd4 36.
Nb1 e2+ 37.Kh1 Ng4 38.Bb6 Qxb6 39.Qxg4 Qf2 40.Qg3 Qf1+ 0-1

[Event "zonal 2.3 (w)"]
[Site "La Ceja COL"]
[Date "2011.10.13"]
[Round "5"]
[White "Duran Juarez, Citlali"]
[Black "Mendoza Velazquez, Lorena Alejandra"]
[Result "1/2-1/2"]
[WhiteElo "1963"]
[BlackElo "2024"]
[EventDate "2011.10.11"]
[Board "6"]
[PlyCount "46"]
[EventRounds "9"]
[EventCountry "COL"]

1.e4 c5 2.Nf3 d6 3.d4 cxd4 4.Nxd4 Nf6 5.Nc3 g6 6.f4 Nc6 7.Nf3 Bg7 8.Bd3 
O-O 9.O-O a6 10.Qe1 Nd7 11.Kh1 Nc5 12.a3 b5 13.f5 Nxd3 14.cxd3 gxf5 15.Qh4
e6 16.Bg5 f6 17.Bh6 Bxh6 18.Qxh6 fxe4 19.dxe4 Qe7 20.Rad1 Bb7 21.Nd4 Ne5 
22.Qh3 Rac8 23.Rf2 Ba8 1/2-1/2

[Event "zonal 2.3 (w)"]
[Site "La Ceja COL"]
[Date "2011.10.13"]
[Round "5"]
[White "Sotomayor Villatoro, Silvia"]
[Black "Mateus, Martha"]
[Result "0-1"]
[WhiteElo "1912"]
[BlackElo "2155"]
[EventDate "2011.10.11"]
[Board "7"]
[PlyCount "66"]
[EventRounds "9"]
[EventCountry "COL"]

1.d4 d5 2.e3 Nf6 3.Bd3 e6 4.f4 b6 5.c3 Bb7 6.Nf3 Nbd7 7.O-O Be7 8.Ne5 c5 
9.Nd2 Qc8 10.Re1 Qc7 11.Qf3 h5 12.Qg3 Ng4 13.Nxg4 hxg4 14.Qxg4 g5 15.Nf3 
f5 16.Bxf5 exf5 17.Qxf5 O-O-O 18.Bd2 Kb8 19.Nxg5 Bxg5 20.Qxg5 Rdg8 21.Qf5 
Qc6 22.h3 Nf6 23.Rf1 Rh5 24.Qd3 Rxh3 25.Kf2 Ne4+ 26.Qxe4 dxe4 27.gxh3 Ba6 
28.Rg1 Rh8 29.b3 cxd4 30.exd4 e3+ 31.Bxe3 Rxh3 32.Rg3 Rh2+ 33.Ke1 Qxc3+ 
0-1

[Event "zonal 2.3 (w)"]
[Site "La Ceja COL"]
[Date "2011.10.15"]
[Round "6"]
[White "Romero Echeverria, Abigail"]
[Black "Franco Valencia, Beatriz Irene"]
[Result "0-1"]
[WhiteElo "2134"]
[BlackElo "2176"]
[EventDate "2011.10.11"]
[Board "1"]
[PlyCount "50"]
[EventRounds "9"]
[EventCountry "COL"]

1.e4 e6 2.d4 d5 3.Nc3 dxe4 4.Nxe4 Nd7 5.Nf3 Ngf6 6.Bd3 Nxe4 7.Bxe4 Nf6 8.
Bd3 a6 9.O-O Be7 10.c3 c5 11.dxc5 Bxc5 12.Bg5 Qc7 13.Bxf6 gxf6 14.Nd4 Bd7 
15.Qf3 Ke7 16.Rfe1 Rag8 17.Be4 Rg5 18.h4 Rg7 19.Bxb7 Bxd4 20.cxd4 Rhg8 21.
Qa3+ Kd8 22.Qxa6 Bc8 23.Bxc8 Rxg2+ 24.Kf1 Rxf2+ 25.Kxf2 Qh2+ 0-1

[Event "zonal 2.3 (w)"]
[Site "La Ceja COL"]
[Date "2011.10.15"]
[Round "6"]
[White "Castrillon Gomez, Melissa"]
[Black "Marrero Lopez, Yaniet"]
[Result "1-0"]
[WhiteElo "2105"]
[BlackElo "2291"]
[EventDate "2011.10.11"]
[Board "2"]
[PlyCount "105"]
[EventRounds "9"]
[EventCountry "COL"]

1.e4 e5 2.Nf3 Nc6 3.Nc3 Nf6 4.g3 Bc5 5.Bg2 O-O 6.Nxe5 Nxe5 7.d4 Bd6 8.dxe5
Bxe5 9.Ne2 c6 10.f4 Bc7 11.O-O d5 12.e5 Bb6+ 13.Nd4 Bg4 14.Qd3 Ne4 15.Be3 
c5 16.Nf3 Bf5 17.Nh4 c4 18.Qe2 Bg4 19.Bf3 Bxf3 20.Nxf3 Qc7 21.Nd4 Rae8 22.
Nb5 Qc6 23.a4 a6 24.Nd4 Qc7 25.Kg2 f6 26.a5 Bxa5 27.f5 Bb4 28.e6 Bd6 29.
Qg4 Re7 30.Rad1 Bc5 31.c3 Qb6 32.Qe2 Bxd4 33.Rxd4 Qc6 34.Rfd1 g6 35.Bh6 
Rfe8 36.Qg4 Kh8 37.fxg6 hxg6 38.Qxg6 Rg8 39.Qh5 Rh7 40.Rxd5 Qxe6 41.Rd8 
Ng5 42.Rxg8+ Qxg8 43.Rd6 b5 44.Rxf6 Qd5+ 45.Kg1 Qc5+ 46.Kf1 Qc8 47.Qxg5 b4
48.Rf8+ Qxf8+ 49.Bxf8 Rf7+ 50.Qf4 Rxf4+ 51.gxf4 bxc3 52.bxc3 Kg8 53.Bb4 
1-0

[Event "zonal 2.3 (w)"]
[Site "La Ceja COL"]
[Date "2011.10.15"]
[Round "6"]
[White "Salazar Loor, Sara"]
[Black "Salazar Cardona, Aura Cristina"]
[Result "0-1"]
[WhiteElo "1998"]
[BlackElo "2210"]
[EventDate "2011.10.11"]
[Board "3"]
[PlyCount "60"]
[EventRounds "9"]
[EventCountry "COL"]

1.e4 c5 2.Nf3 d6 3.d4 cxd4 4.Nxd4 Nf6 5.Nc3 g6 6.Be3 Bg7 7.f3 O-O 8.Qd2 
Nc6 9.Bc4 Bd7 10.O-O-O Rc8 11.Bb3 Nxd4 12.Bxd4 b5 13.h4 a5 14.h5 a4 15.
Bxf6 exf6 16.Bd5 f5 17.hxg6 hxg6 18.g4 Qf6 19.g5 Qe7 20.f4 Rxc3 21.bxc3 
fxe4 22.Rh4 Be6 23.Bxe6 Qxe6 24.Qxd6 Qxa2 25.Kd2 Qc4 26.Rh3 Qc8 27.Qe7 
Qxh3 28.Qxe4 Rd8+ 29.Kc1 Rxd1+ 30.Kxd1 Bxc3 0-1

[Event "zonal 2.3 (w)"]
[Site "La Ceja COL"]
[Date "2011.10.15"]
[Round "6"]
[White "Linares Napoles, Oleiny"]
[Black "Mendoza Velazquez, Lorena Alejandra"]
[Result "1-0"]
[WhiteElo "2349"]
[BlackElo "2024"]
[EventDate "2011.10.11"]
[Board "4"]
[PlyCount "27"]
[EventRounds "9"]
[EventCountry "COL"]

1.Nf3 c5 2.b3 Nf6 3.Bb2 e6 4.g3 b6 5.Bg2 Bb7 6.c4 Be7 7.O-O O-O 8.Nc3 a6 
9.e3 d6 10.Qe2 Qc7 11.Rac1 Nbd7 12.d3 Rac8 13.Rfd1 Rfd8 14.Re1 1-0

[Event "zonal 2.3 (w)"]
[Site "La Ceja COL"]
[Date "2011.10.15"]
[Round "6"]
[White "Orozco Lopez, Lina Yomayra"]
[Black "Duran Juarez, Citlali"]
[Result "1-0"]
[WhiteElo "2161"]
[BlackElo "1963"]
[EventDate "2011.10.11"]
[Board "5"]
[PlyCount "71"]
[EventRounds "9"]
[EventCountry "COL"]

1.e4 e6 2.d4 d5 3.Nd2 Nf6 4.e5 Nfd7 5.Ngf3 c5 6.c3 Nc6 7.Bd3 Be7 8.O-O g5 
9.h3 h5 10.c4 g4 11.cxd5 exd5 12.hxg4 hxg4 13.Nh2 g3 14.fxg3 Nxd4 15.Ng4 
Qb6 16.Nf3 c4 17.Be3 Bc5 18.e6 Nxe6 19.Re1 cxd3 20.Qxd3 Bxe3+ 21.Rxe3 Rg8 
22.Nh6 Rg6 23.Nf5 Rf6 24.Re1 Kf8 25.g4 Ndc5 26.Qxd5 Bd7 27.b4 Qxb4 28.Qd6+
Kg8 29.Qe7 Rg6 30.Ne5 Rf8 31.Nxd7 Qxe1+ 32.Rxe1 Nxd7 33.Qxd7 Rd8 34.Qxb7 
Rg5 35.Qe7 Rg6 36.Rxe6 1-0

[Event "zonal 2.3 (w)"]
[Site "La Ceja COL"]
[Date "2011.10.15"]
[Round "6"]
[White "Mateus, Martha"]
[Black "Heredia Serrano, Carla"]
[Result "1-0"]
[WhiteElo "2155"]
[BlackElo "2090"]
[EventDate "2011.10.11"]
[Board "6"]
[PlyCount "73"]
[EventRounds "9"]
[EventCountry "COL"]

1.e4 c6 2.d4 d5 3.e5 Bf5 4.Nf3 e6 5.a3 Ne7 6.Be2 Nd7 7.O-O c5 8.dxc5 Nc6 
9.b4 a5 10.Nd4 Nxd4 11.Qxd4 axb4 12.axb4 Rxa1 13.Qxa1 Bxc2 14.Na3 Be4 15.
Nb5 Be7 16.Nd6+ Bxd6 17.exd6 O-O 18.f3 Bf5 19.Bb2 Qg5 20.f4 Qg6 21.Rf3 f6 
22.Bb5 Nb8 23.Rg3 Qh6 24.Bc1 Qh5 25.Bb2 Qh6 26.Qa7 Qxf4 27.Qxb7 Bg6 28.Bf1
Qd2 29.Bc3 Qf4 30.Rf3 Qc1 31.c6 Nxc6 32.Qxc6 d4 33.d7 dxc3 34.Qxe6+ Bf7 
35.Qe7 Qd1 36.Rd3 c2 37.Qxf8+ 1-0

[Event "zonal 2.3 (w)"]
[Site "La Ceja COL"]
[Date "2011.10.15"]
[Round "6"]
[White "Sotomayor Villatoro, Silvia"]
[Black "Mencos Castillo, Claudia"]
[Result "0-1"]
[WhiteElo "1912"]
[BlackElo "2048"]
[EventDate "2011.10.11"]
[Board "7"]
[PlyCount "92"]
[EventRounds "9"]
[EventCountry "COL"]

1.d4 d5 2.Nf3 Nf6 3.g3 c6 4.Bg2 Bf5 5.c4 e6 6.O-O h6 7.Nc3 Be7 8.Ne5 O-O 
9.cxd5 exd5 10.Na4 Nbd7 11.Qb3 Qc8 12.Nd3 Bd6 13.Bf4 Bxf4 14.Nxf4 Re8 15.
Rac1 Qb8 16.Rfe1 Nf8 17.Nc5 Re7 18.a4 Qe8 19.a5 Rb8 20.Qa3 g5 21.Nfd3 Rxe2
22.Rxe2 Qxe2 23.Re1 Qd2 24.Kf1 b6 25.axb6 axb6 26.Re2 Qd1+ 27.Re1 Qc2 28.
Re2 Qd1+ 29.Re1 Qh5 30.Na6 Ra8 31.Ne5 Bc8 32.Qe7 Bxa6+ 33.Kg1 Ng4 34.h3 
Nxe5 35.Qxe5 Bb5 36.Qc7 Qg6 37.Re7 Ne6 38.Qb7 Rf8 39.Qxb6 Qb1+ 40.Kh2 Qxb2
41.Kg1 Qxd4 42.Qxd4 Nxd4 43.Rb7 Ra8 44.f3 Ra2 45.f4 Ne2+ 46.Kh2 gxf4 0-1

[Event "zonal 2.3 (w)"]
[Site "La Ceja COL"]
[Date "2011.10.15"]
[Round "7"]
[White "Franco Valencia, Beatriz Irene"]
[Black "Linares Napoles, Oleiny"]
[Result "1/2-1/2"]
[WhiteElo "2176"]
[BlackElo "2349"]
[EventDate "2011.10.11"]
[Board "1"]
[PlyCount "53"]
[EventRounds "9"]
[EventCountry "COL"]

1.d4 Nf6 2.Nf3 g6 3.c4 Bg7 4.g3 O-O 5.Bg2 d6 6.Nc3 Nbd7 7.O-O e5 8.e4 exd4
9.Nxd4 Re8 10.Re1 a6 11.Rb1 Rb8 12.h3 Ne5 13.b3 c5 14.Nde2 b5 15.f4 Ned7 
16.cxb5 axb5 17.b4 Bb7 18.Nxb5 Bxe4 19.Bxe4 Nxe4 20.bxc5 Ndxc5 21.Be3 Qd7 
22.Bxc5 Nxc5 23.Ned4 Rxe1+ 24.Qxe1 Qxh3 25.Nc6 Rf8 26.Qf2 Qd7 27.Qf3 
1/2-1/2

[Event "zonal 2.3 (w)"]
[Site "La Ceja COL"]
[Date "2011.10.15"]
[Round "7"]
[White "Castrillon Gomez, Melissa"]
[Black "Romero Echeverria, Abigail"]
[Result "1-0"]
[WhiteElo "2105"]
[BlackElo "2134"]
[EventDate "2011.10.11"]
[Board "2"]
[PlyCount "63"]
[EventRounds "9"]
[EventCountry "COL"]

1.e4 c5 2.Nf3 e6 3.c3 Nf6 4.e5 Nd5 5.d4 cxd4 6.cxd4 d6 7.Bc4 Nb6 8.Bd3 Bd7
9.O-O Bc6 10.Nc3 Be7 11.Qe2 N8d7 12.Ne4 d5 13.Neg5 h6 14.Nh3 Nf8 15.Nd2 
Qc7 16.f4 g6 17.a3 a6 18.b4 Nc8 19.Nb3 Na7 20.Bd2 Qb6 21.a4 Rc8 22.Rfc1 
Qd8 23.b5 Bd7 24.Rxc8 Nxc8 25.bxa6 b6 26.a5 Nh7 27.Rb1 O-O 28.axb6 Nxb6 
29.Ba5 Qc7 30.Qf2 Rb8 31.Nc5 Nf8 32.Nb7 1-0

[Event "zonal 2.3 (w)"]
[Site "La Ceja COL"]
[Date "2011.10.15"]
[Round "7"]
[White "Salazar Cardona, Aura Cristina"]
[Black "Orozco Lopez, Lina Yomayra"]
[Result "0-1"]
[WhiteElo "2210"]
[BlackElo "2161"]
[EventDate "2011.10.11"]
[Board "3"]
[PlyCount "62"]
[EventRounds "9"]
[EventCountry "COL"]

1.e4 c5 2.Nf3 a6 3.c3 d5 4.e5 Nc6 5.d3 Bg4 6.Bf4 e6 7.Nbd2 Nge7 8.h3 Ng6 
9.hxg4 Nxf4 10.g3 Ng6 11.d4 Qb6 12.Qb3 Qxb3 13.Nxb3 c4 14.Nbd2 b5 15.b3 
Ba3 16.Rb1 b4 17.bxc4 bxc3 18.Nb3 c2 19.Ra1 Bb2 20.Kd2 Bxa1 21.Nxa1 dxc4 
22.Bxc4 Rd8 23.Ke3 Ngxe5 24.Nxe5 Nxe5 25.Bxa6 Nxg4+ 26.Kf3 Rxd4 27.Nxc2 
Ne5+ 28.Ke3 Rd6 29.Bb5+ Ke7 30.a4 Ng4+ 31.Ke2 Nxf2 0-1

[Event "zonal 2.3 (w)"]
[Site "La Ceja COL"]
[Date "2011.10.15"]
[Round "7"]
[White "Mateus, Martha"]
[Black "Salazar Loor, Sara"]
[Result "1-0"]
[WhiteElo "2155"]
[BlackElo "1998"]
[EventDate "2011.10.11"]
[Board "4"]
[PlyCount "91"]
[EventRounds "9"]
[EventCountry "COL"]

1.e4 c5 2.Nf3 Nc6 3.d4 cxd4 4.Nxd4 Nf6 5.Nc3 d6 6.g3 e5 7.Nb3 Be6 8.Bg2 a6
9.a4 Rc8 10.O-O Be7 11.Re1 O-O 12.h3 Nb4 13.f4 Bxb3 14.cxb3 Qc7 15.Be3 d5 
16.fxe5 Qxe5 17.Bf4 Bc5+ 18.Kh2 Qd4 19.e5 Ne8 20.Nxd5 Nxd5 21.Bxd5 Qf2+ 
22.Bg2 Bb4 23.Re2 Qb6 24.Qd5 Nc7 25.Qxb7 Qxb7 26.Bxb7 Rb8 27.Bg2 Ne6 28.
Be3 Rfd8 29.Rc1 Bf8 30.Rc6 a5 31.Bb6 Rd3 32.Rf2 Rxb3 33.Bxa5 Bc5 34.Rc2 
Rxb2 35.Rxb2 Rxb2 36.Rc8+ Bf8 37.Kg1 g6 38.Bc3 Ra2 39.a5 Kg7 40.Bd5 Rc2 
41.a6 Bc5+ 42.Rxc5 Nxc5 43.a7 Rxc3 44.a8=Q Rxg3+ 45.Kh2 Rc3 46.Qe8 1-0

[Event "zonal 2.3 (w)"]
[Site "La Ceja COL"]
[Date "2011.10.15"]
[Round "7"]
[White "Marrero Lopez, Yaniet"]
[Black "Sotomayor Villatoro, Silvia"]
[Result "1-0"]
[WhiteElo "2291"]
[BlackElo "1912"]
[EventDate "2011.10.11"]
[Board "5"]
[PlyCount "79"]
[EventRounds "9"]
[EventCountry "COL"]

1.e4 c6 2.d4 d5 3.e5 g6 4.h4 Bg7 5.h5 Nh6 6.hxg6 hxg6 7.Bf4 Qb6 8.b3 Bf5 
9.Qd2 Ng8 10.Rxh8 Bxh8 11.Nc3 Nd7 12.Na4 Qd8 13.Be2 f6 14.g4 Be6 15.Qd3 g5
16.Qh7 gxf4 17.Qxh8 fxe5 18.dxe5 Qa5+ 19.Kf1 O-O-O 20.Re1 Nc5 21.Nxc5 Qxc5
22.Qh7 Kb8 23.Nh3 Qd4 24.Bf3 Qb4 25.Ng5 Bc8 26.Nf7 Re8 27.Re2 b6 28.Qg6 
Rf8 29.Kg2 e6 30.Nd6 Ba6 31.c4 Bc8 32.Nxc8 Rxc8 33.Qxe6 Qe7 34.cxd5 Qxe6 
35.dxe6 Re8 36.Bxc6 Rxe6 37.Bd5 Re8 38.Bxg8 Rxg8 39.Kf3 Rf8 40.e6 1-0

[Event "zonal 2.3 (w)"]
[Site "La Ceja COL"]
[Date "2011.10.15"]
[Round "7"]
[White "Mendoza Velazquez, Lorena Alejandra"]
[Black "Mencos Castillo, Claudia"]
[Result "1/2-1/2"]
[WhiteElo "2024"]
[BlackElo "2048"]
[EventDate "2011.10.11"]
[Board "6"]
[PlyCount "71"]
[EventRounds "9"]
[EventCountry "COL"]

1.d4 d5 2.c4 c6 3.Nf3 Nf6 4.Nc3 dxc4 5.a4 Bf5 6.e3 e6 7.Bxc4 Bb4 8.O-O O-O
9.Bd2 Nbd7 10.Qe2 Bg6 11.Rac1 Qe7 12.Rfd1 e5 13.Na2 Bxd2 14.Qxd2 Ne4 15.
Qe1 a5 16.Be2 exd4 17.Nxd4 Nb6 18.b3 Nf6 19.Bd3 Rfe8 20.Bxg6 hxg6 21.Rc2 
Nbd5 22.Rdc1 Nd7 23.Qd2 g5 24.Ne2 N7f6 25.Ng3 Qd8 26.Qd4 Qb6 27.Qxb6 Nxb6 
28.Rd2 Red8 29.Rcd1 Rxd2 30.Rxd2 g6 31.Nc3 Re8 32.Rd4 Kg7 33.Nge4 Nxe4 34.
Nxe4 Re5 35.Nd6 Re7 36.Ne4 1/2-1/2

[Event "zonal 2.3 (w)"]
[Site "La Ceja COL"]
[Date "2011.10.15"]
[Round "7"]
[White "Heredia Serrano, Carla"]
[Black "Duran Juarez, Citlali"]
[Result "1-0"]
[WhiteElo "2090"]
[BlackElo "1963"]
[EventDate "2011.10.11"]
[Board "7"]
[PlyCount "109"]
[EventRounds "9"]
[EventCountry "COL"]

1.e4 e6 2.d4 d5 3.Nd2 Nf6 4.e5 Nfd7 5.Ngf3 c5 6.c3 Nc6 7.Bd3 Be7 8.O-O g5 
9.dxc5 Ndxe5 10.Nxe5 Nxe5 11.Bb5+ Bd7 12.Bxd7+ Qxd7 13.b4 Ng6 14.Re1 Bf6 
15.Qf3 Bg7 16.Nb3 h6 17.Nd4 O-O 18.a4 Nh4 19.Qh3 Ng6 20.Bd2 Rac8 21.Qd3 
Ne5 22.Qh3 Nc4 23.Re2 Rfd8 24.a5 a6 25.Rf1 e5 26.Nf5 Rc6 27.g4 Re6 28.Rd1 
e4 29.Be3 Ne5 30.Bd4 Nf3+ 31.Kh1 Bxd4 32.Nxd4 Nxd4 33.Rxd4 Kg7 34.c4 Qc6 
35.Qc3 Kh7 36.Red2 Re5 37.Qc2 Kg7 38.Qc3 Kh7 39.Qe3 Qe6 40.h3 f5 41.gxf5 
Qxf5 42.Kg2 Rd7 43.Qg3 Rd8 44.Qg4 Qf7 45.cxd5 Rdxd5 46.Rxd5 Rxd5 47.Qxe4+ 
Rf5 48.Rd6 Kg7 49.Qd4+ Kg8 50.Rxh6 Qd5+ 51.Qxd5+ Rxd5 52.Rd6 Rf5 53.Rd7 
Rf7 54.Rxf7 Kxf7 55.Kf3 1-0

[Event "zonal 2.3 (w)"]
[Site "La Ceja COL"]
[Date "2011.10.16"]
[Round "8"]
[White "Mencos Castillo, Claudia"]
[Black "Castrillon Gomez, Melissa"]
[Result "0-1"]
[WhiteElo "2048"]
[BlackElo "2105"]
[EventDate "2011.10.11"]
[Board "1"]
[PlyCount "52"]
[EventRounds "9"]
[EventCountry "COL"]

1.e4 c5 2.Nf3 d6 3.d4 cxd4 4.Nxd4 Nf6 5.Nc3 g6 6.Be2 Bg7 7.O-O O-O 8.Bg5 
Nc6 9.Nb3 a6 10.a4 Be6 11.Re1 Na5 12.Nxa5 Qxa5 13.Qd2 Rfc8 14.Bf1 Rxc3 15.
bxc3 Nxe4 16.Rxe4 Bxc3 17.Qe3 Bxa1 18.Bxe7 Bf5 19.Rc4 Re8 20.Qg5 Qe5 21.
Rc7 Bd4 22.g4 h6 23.Qxh6 Bxg4 24.Bh4 Be6 25.Bg3 Qe1 26.Qf4 Qxf1+ 0-1

[Event "zonal 2.3 (w)"]
[Site "La Ceja COL"]
[Date "2011.10.16"]
[Round "8"]
[White "Marrero Lopez, Yaniet"]
[Black "Franco Valencia, Beatriz Irene"]
[Result "1/2-1/2"]
[WhiteElo "2291"]
[BlackElo "2176"]
[EventDate "2011.10.11"]
[Board "2"]
[PlyCount "126"]
[EventRounds "9"]
[EventCountry "COL"]

1.e4 e6 2.d4 d5 3.e5 c5 4.c3 Nc6 5.Be3 cxd4 6.cxd4 Qb6 7.Qd2 Bd7 8.Nf3 Bb4
9.Nc3 Na5 10.Bd3 Rc8 11.O-O Ne7 12.Rac1 O-O 13.Qe2 Nc4 14.Bxh7+ Kxh7 15.
Ng5+ Kg6 16.Qg4 f6 17.Nge4+ Kf7 18.exf6 gxf6 19.Qh5+ Kg8 20.Bh6 Be8 21.
Qg4+ Bg6 22.Bxf8 Rxf8 23.Na4 Qxd4 24.Qxe6+ Rf7 25.Nec3 Qe5 26.Qxe5 Nxe5 
27.a3 Bxc3 28.Rxc3 d4 29.Rc7 N7c6 30.Rc8+ Kg7 31.f4 Bf5 32.Re8 Nd7 33.b4 
Re7 34.Rxe7+ Nxe7 35.Nb2 Nd5 36.g3 Nc3 37.Re1 b5 38.Kg2 Be4+ 39.Kf2 Nb6 
40.g4 Nbd5 41.Nd1 Bc2 42.Nxc3 dxc3 43.f5 Bd3 44.h4 c2 45.Rc1 Nf4 46.Ke3 
Ne2 47.Kxd3 Nxc1+ 48.Kxc2 Ne2 49.Kd3 Nf4+ 50.Ke4 Ng2 51.Kd4 Nxh4 52.Kc5 
Nf3 53.Kxb5 Nd4+ 54.Kc5 Nc2 55.a4 Ne3 56.b5 Nxg4 57.a5 Ne5 58.a6 Kf7 59.
Kd6 Nc4+ 60.Kc6 Ke7 61.Kb7 Kd7 62.Kxa7 Kc7 63.b6+ Nxb6 1/2-1/2

[Event "zonal 2.3 (w)"]
[Site "La Ceja COL"]
[Date "2011.10.16"]
[Round "8"]
[White "Salazar Cardona, Aura Cristina"]
[Black "Mateus, Martha"]
[Result "0-1"]
[WhiteElo "2210"]
[BlackElo "2155"]
[EventDate "2011.10.11"]
[Board "3"]
[PlyCount "110"]
[EventRounds "9"]
[EventCountry "COL"]

1.e4 c5 2.Nf3 d6 3.d4 cxd4 4.Nxd4 Nf6 5.Nc3 a6 6.f3 e5 7.Nb3 Be6 8.Be3 h5 
9.Nd5 Bxd5 10.exd5 Nbd7 11.Qd2 Qc7 12.Na5 b6 13.Nc6 Nxd5 14.Qxd5 Nf6 15.
Qb3 Qxc6 16.Qxb6 Qxb6 17.Bxb6 Nd5 18.Bf2 Nb4 19.Kd1 Be7 20.c3 Nc6 21.Kc2 
O-O 22.Rd1 Rfc8 23.Kb1 Na5 24.Bd3 g6 25.Be4 Nc6 26.g4 h4 27.Bxh4 Bxh4 28.
Rxd6 Nd8 29.Bxa8 Rxa8 30.Rhd1 Kf8 31.R1d5 Bg5 32.Ra5 Bf4 33.Rdxa6 Rxa6 34.
Rxa6 Bxh2 35.a4 Ne6 36.a5 Bg1 37.Rd6 Ng5 38.Rd3 f5 39.gxf5 gxf5 40.a6 Ke7 
41.b4 Ba7 42.c4 f4 43.c5 e4 44.fxe4 f3 45.Rd5 f2 46.Rf5 Nxe4 47.Kc2 Ke6 
48.Rf8 Kd5 49.Rf7 Ke6 50.Rf8 Nf6 51.Ra8 Bxc5 52.a7 Bxa7 53.Rxa7 f1=Q 54.
Rc7 Nd5 55.Rc6+ Kd7 0-1

[Event "zonal 2.3 (w)"]
[Site "La Ceja COL"]
[Date "2011.10.16"]
[Round "8"]
[White "Linares Napoles, Oleiny"]
[Black "Orozco Lopez, Lina Yomayra"]
[Result "1-0"]
[WhiteElo "2349"]
[BlackElo "2161"]
[EventDate "2011.10.11"]
[Board "4"]
[PlyCount "79"]
[EventRounds "9"]
[EventCountry "COL"]

1.Nf3 Nc6 2.e4 d6 3.d4 Bg4 4.Bb5 a6 5.Bxc6+ bxc6 6.h3 Bh5 7.Nc3 e6 8.Qe2 
Bxf3 9.Qxf3 d5 10.O-O Nf6 11.Bg5 Be7 12.Rad1 O-O 13.Bxf6 Bxf6 14.e5 Be7 
15.Na4 Qb8 16.Qe3 Qb4 17.b3 Rfb8 18.f4 g6 19.c3 Qa3 20.Rf2 Rb5 21.g4 c5 
22.dxc5 Bxc5 23.Nxc5 Qxc5 24.Rd4 Qe7 25.f5 c5 26.Rdf4 exf5 27.gxf5 d4 28.
Qf3 Re8 29.fxg6 fxg6 30.Rf7 Qg5+ 31.Kh1 Rbb8 32.cxd4 cxd4 33.Qd5 Kh8 34.
Qd6 Rbd8 35.Rf8+ Kg7 36.R2f7+ Kh6 37.Qc7 Qxe5 38.Rxh7+ Kg5 39.Qxe5+ Rxe5 
40.Rxd8 1-0

[Event "zonal 2.3 (w)"]
[Site "La Ceja COL"]
[Date "2011.10.16"]
[Round "8"]
[White "Romero Echeverria, Abigail"]
[Black "Mendoza Velazquez, Lorena Alejandra"]
[Result "1-0"]
[WhiteElo "2134"]
[BlackElo "2024"]
[EventDate "2011.10.11"]
[Board "5"]
[PlyCount "143"]
[EventRounds "9"]
[EventCountry "COL"]

1.e4 c5 2.Nf3 d6 3.c3 Nf6 4.Be2 g6 5.O-O Bg7 6.Re1 O-O 7.Bf1 Nc6 8.d3 Bd7 
9.Nbd2 Rc8 10.Qe2 e5 11.Nc4 Qc7 12.Bg5 Rfe8 13.Ne3 Be6 14.h4 Ne7 15.Bxf6 
Bxf6 16.Ng5 Bxg5 17.hxg5 Kg7 18.Qf3 Ng8 19.Be2 f6 20.Qg3 fxg5 21.Qxg5 Qd8 
22.Qg3 Qf6 23.Bg4 Bxg4 24.Qxg4 Ne7 25.Qd7 Kg8 26.Ng4 Qg5 27.d4 Nc6 28.Nh2 
Qe7 29.Qxe7 Rxe7 30.dxc5 dxc5 31.Rad1 Rd8 32.Rd5 b6 33.Red1 Rxd5 34.exd5 
Nd8 35.Ng4 h5 36.Nf6+ Kf7 37.Ne4 Kg7 38.c4 Kh6 39.a3 g5 40.b4 Kg6 41.bxc5 
bxc5 42.d6 Rf7 43.Nxc5 Rf4 44.Nd7 Kf5 45.c5 Rc4 46.Re1 e4 47.f3 Ke6 48.
Nf8+ Kf5 49.Nd7 Ke6 50.Nf8+ Kf7 51.Nh7 Kg6 52.Rxe4 Rc1+ 53.Kh2 Kxh7 54.Re8
Nc6 55.Rc8 Rxc5 56.d7 Rd5 57.Rxc6 Rxd7 58.Ra6 Kg7 59.Kg1 Re7 60.Kf2 Kh7 
61.Kg3 Rf7 62.a4 Kg7 63.a5 Kg8 64.Re6 Kg7 65.a6 Kh7 66.Kf2 g4 67.Kg3 gxf3 
68.gxf3 Kg7 69.Re5 Kg6 70.Re6+ Kg5 71.Re5+ Kf6 72.Re4 1-0